Translate Russian verbs - I - Statistics

General Stats
  • This quiz has been taken 36 times
  • The average score is 12 of 20
Answer Stats
English verb Russian translation % Correct
to know, be aware знать
93%
to eat, to be есть
93%
to say, speak сказать
86%
to say, tell, speak говорить
86%
to see видеть
86%
to think думать
86%
to live жить
86%
to go, come идти
71%
to look, watch, see смотреть
71%
to want, like хотеть
64%
to do, make делать
57%
to be, have быть
50%
to become, begin, come стать
50%
to stand, be, stand up стоять
43%
to ask спросить
43%
to sit сидеть
43%
to have, own иметь
43%
to take взять
36%
to be able мочь
21%
to understand; realize понять
21%
No matching quizzes found
Score Distribution
Percent of People with Each Score
Percentile by Number Answered
Your Score History
You have not taken this quiz